Mr. cool / (Record no. 5162)
[ view plain ]
| 000 -LEADER | |
|---|---|
| fixed length control field | 00961nam a22003017a 4500 |
| 001 - CONTROL NUMBER | |
| control field | 5162 |
| 003 - CONTROL NUMBER IDENTIFIER | |
| control field | FISKH |
| 005 - DATE AND TIME OF LATEST TRANSACTION | |
| control field | 20250331092604.0 |
| 008 - FIXED-LENGTH DATA ELEMENTS--GENERAL INFORMATION | |
| fixed length control field | 241108b cb ||||| |||| 00| 0 eng d |
| 020 ## - INTERNATIONAL STANDARD BOOK NUMBER | |
| International Standard Book Number | 9780753458228 |
| 040 ## - CATALOGING SOURCE | |
| Original cataloging agency | FISKH |
| Language of cataloging | eng |
| Transcribing agency | FISKH |
| Modifying agency | FISKH |
| 050 ## - LIBRARY OF CONGRESS CALL NUMBER | |
| Classification number | PZ7.W6957 |
| 082 ## - DEWEY DECIMAL CLASSIFICATION NUMBER | |
| Classification number | 428.4 |
| 100 ## - MAIN ENTRY--PERSONAL NAME | |
| Personal name | Wilson, Jacqueline |
| Dates associated with a name | (1945-) |
| 245 ## - TITLE STATEMENT | |
| Title | Mr. cool / |
| Statement of responsibility, etc. | Jacqueline Wilson Illustrated by Stephen Lewis |
| 250 ## - EDITION STATEMENT | |
| Edition statement | This edition published in 2004 |
| 260 ## - PUBLICATION, DISTRIBUTION, ETC. | |
| Place of publication, distribution, etc. | Massachusetts : |
| Name of publisher, distributor, etc. | Kingfisher, |
| Date of publication, distribution, etc. | 2004. |
| 300 ## - PHYSICAL DESCRIPTION | |
| Extent | 47 pages : |
| Other physical details | Color illustrations ; |
| Dimensions | 23 cm |
| 505 ## - FORMATTED CONTENTS NOTE | |
| Formatted contents note | J<br/> |
| 520 ## - SUMMARY, ETC. | |
| Summary, etc. | Four boys form a rock band called "Mr. Cool" that is very successful despite the fact that one of the boys is not really all that cool. |
| 521 8# - TARGET AUDIENCE NOTE | |
| Target audience note | 430L<br/> |
| Source | Lexile<br/> |
| 521 8# - TARGET AUDIENCE NOTE | |
| Target audience note | J<br/> |
| Source | Raz-Plus<br/> |
| 650 ## - SUBJECT ADDED ENTRY--TOPICAL TERM | |
| Source of heading or term | Stories |
| Topical term or geographic name entry element | HECHO |
| 650 ## - SUBJECT ADDED ENTRY--TOPICAL TERM | |
| Source of heading or term | I Am Reading |
| Topical term or geographic name entry element | Novel |
| 700 ## - ADDED ENTRY--PERSONAL NAME | |
| Personal name | Lewis, Stephen |
| Dates associated with a name | Illustrator |
| 942 ## - ADDED ENTRY ELEMENTS (KOHA) | |
| Source of classification or shelving scheme | Dewey Decimal Classification |
| Koha item type | Books |
| Suppress in OPAC | No |
| Withdrawn status | Lost status | Source of classification or shelving scheme | Damaged status | Not for loan | Collection | Home library | Current library | Shelving location | Date acquired | Total Checkouts | Full call number | Barcode | Date last seen | Copy number | Price effective from | Koha item type |
|---|---|---|---|---|---|---|---|---|---|---|---|---|---|---|---|---|
| Dewey Decimal Classification | Fiction | Footprints International School Library Network Toul Kork Campus | Footprints International School Library Network Toul Kork Campus | TK Primary Library Room(4th Floor), Bookcase 1&2, Shelves 1-16, Dark Blue Books | 11/08/2024 | WIL 428.4 PZ7.W6957 | 2024-2307 | 11/08/2024 | 1 | 11/08/2024 | Books | |||||
| Dewey Decimal Classification | Juvenile Fiction | Footprints International School Library Network Toul Tom Poung Campus | Footprints International School Library Network Toul Tom Poung Campus | TTP Primary Dark Blue Bookshelves | 03/31/2025 | WIL 428.4 PZ7.W6957 | 2025-0909 | 03/31/2025 | 2 | 03/31/2025 | Books |
